000 01293nam a22003617a 4500
003 CHAP
005 20220817044537.0
008 120829s2012 it a rn 00010 eng d
010 _a103787
011 _a104759
020 _a9789251071083
035 _a115449
040 _cCHAP
082 0 4 _a639.2
_bF62y v.22
110 2 _aFAO
245 1 4 _aSecond International Congress on Seafood Technology on Sustainable, Innovative and Healthy Seafood
_c/editado por John Ryder, Lahsen Ababouch y Murat Balaban
260 _aRome :
_bFAO,
_c2012
300 _aviii, 238 p. :
_bilus., diagramas, gráfs., tablas
490 0 _aFisheries proceedings
_v; 22
500 _aFAO/The University of Alaska, 10 - 13 May 2010, Anchorage, the United States of America.
590 _aBATCH-UPD
_b10
_c20130110
_lUCH01
_h1406
590 _aCONVERSION
_b10
_c20130109
_lUCH01
_h1357
650 1 4 _aMariscos.
_971424
650 1 4 _aPesca sostenible.
_987440
650 1 4 _aProductos pesqueros.
_992201
700 0 _aAbabouch, Lahsen
_e, ed.
_9133
700 1 _aBalaban, Murat
_e, ed
_99589
700 1 _aRyder, John
_e, ed.
_9101037
830 0 0 _aFisheries proceedings
_v; 22
_941120
901 _aBK
942 _cLIBRO
949 _a639.2 F62y v.22
_bBC
_cFAO
_d33724002346330
_eFAO1
_gDonaciØn
_h117333
_i115449
_st
999 _c103787
_d103787